• 首页
  • 本馆介绍
  • 公告通知
  • 最新文献
  • 馆藏检索
  • 电子资源
  • 读者导购
  • 参考咨询
  • 我的图书馆
  • 登录
  • 详细信息显示
  • 放入我的书架
  • 预约/预借图书
  • 作者相关作品
  • 分类相关作品
  • 丛书相关作品
  • 出版社相关作品

书目信息

  • 表格格式
  • 工作单格式
  • 卡片格式
题名:
税务缴纳法律法规
    
 
作者: 魏光朴 主编
分册: 1  
出版信息: 汕头   汕头大学出版社  2017
页数: 136页
开本: 22cm
丛书名:
单 册:
中图分类: D922.220.9 , D922.22
科图分类:
主题词: 税法--中国--汇编
电子资源:
ISBN: 978-7-5658-3209-3
000 00869nam0 2200253 450
001 2365872933
005 20231209223409.15
010    @a978-7-5658-3209-3@dCNY29.80
100    @a20181129d2017 em y0chiy50 ea
101 0  @achi
102    @aCN@b440000
105    @ay n 000yy
200 1  @a税务缴纳法律法规@Ashui wu jiao na fa lv fa gui@h1@f魏光朴主编
210    @a汕头@c汕头大学出版社@d2017
215    @a136页@d22cm
300    @a全国“七五”普法学习读本
300    @a税务缴纳法律法规读本
330    @a本书收录《中华人民共和国企业所得税法》《中华人民共和国企业所得税法实施条例》《中华人民共和国个人所得税法》《中华人民共和国房产税暂行条例》《中华人民共和国船税法》等。
606 0  @a税法@y中国@j汇编
690    @aD922.220.9@v5
690    @aD922.22@v4
701  0 @a魏光朴@Awei guang pu@4主编
801  0 @aCN@b91MARC@c20181129
905    @aZUCC@dD922.22@e21:1
    
    税务缴纳法律法规.1/魏光朴主编.-汕头:汕头大学出版社,2017
    136页;22cm
    全国“七五”普法学习读本.-税务缴纳法律法规读本
    
    ISBN 978-7-5658-3209-3:CNY29.80
    本书收录《中华人民共和国企业所得税法》《中华人民共和国企业所得税法实施条例》《中华人民共和国个人所得税法》《中华人民共和国房产税暂行条例》《中华人民共和国船税法》等。
●
相关链接 在五车中查询图书 在当当中查询图书 在豆瓣中查询图书


正题名:税务缴纳法律法规     索取号:D922.22/21:1         预约/预借

序号 登录号 条形码 馆藏地/架位号 状态 备注
1 2001036639   2001036639   辽宁一、悦读混合/辽宁北配(第三批)/辽批140/ [索取号:D922.22/21:1] 在馆    
2 2001036640   2001036640   辽宁一、悦读混合/辽宁北配(第三批)/辽批140/ [索取号:D922.22/21:1] 在馆    
3 2001036641   2001036641   辽宁一、悦读混合/辽宁北配(第三批)/辽批140/ [索取号:D922.22/21:1] 在馆    
4 2001036642   2001036642   辽宁一、悦读混合/辽宁北配(第三批)/辽批140/ [索取号:D922.22/21:1] 在馆    
5 2001036643   2001036643   辽宁一、悦读混合/辽宁北配(第三批)/辽批140/ [索取号:D922.22/21:1] 在馆    
6 2001036644   2001036644   辽宁一、悦读混合/辽宁北配(第三批)/辽批140/ [索取号:D922.22/21:1] 在馆    
山东省滨州职业学院图书馆 欢迎您!
大连网信软件有限公司© 版权所有